000 00296nam a22001337a 4500
008 170309b xxu||||| |||| 00| 0 eng d
020 _a9780781730433
041 _aeng
080 _22 ED
_a611
100 _a6
101 _aSHM
245 _aHIGH YIELD GROSS ANATOMY
_cDUDEK.R.W
942 _2udc
_cBK
999 _c7264
_d7264